Lotyšská republika

Atlas peňazí sveta. Charakteristika Lotyšskej republiky: štátne zriadenie, prírodné podmienky, hospodárstvo, menové informácie, história meny. Motívy lotyšských bankoviek.

Salvato in:
Dettagli Bibliografici
Autore principale: Schlosser, Gabriel
Natura: Capitolo di libro
Lingua:slovacco
Soggetti:
Tags: Aggiungi Tag
Nessun Tag, puoi essere il primo ad aggiungerne!!

MARC

LEADER 00000naa a2200000 4500
001 r035164
005 20221129101859.8
041 0 |a slo 
044 |a SK 
245 1 0 |a Lotyšská republika  |c Gabriel Schlosser 
520 |a Atlas peňazí sveta. Charakteristika Lotyšskej republiky: štátne zriadenie, prírodné podmienky, hospodárstvo, menové informácie, história meny. Motívy lotyšských bankoviek. 
610 2 0 |a mena 
610 2 0 |a Lotyšsko 
610 2 0 |a štát 
610 2 0 |a podmienky prírodné 
610 2 0 |a hospodárstvo národné 
610 2 0 |a história 
610 2 0 |a peniaze 
610 2 0 |a bankovky 
610 2 0 |a lat 
100 1 |a Schlosser, Gabriel